000 00777nam a2200217 a 4500
001 22797
003 CO-ViMGA
008 141112s2004 ck r 000 u spa d
020 _a9588235200
040 _aCO-ViMGA
_bspa
_cCO-ViMGA
082 0 4 _a342.861 T677a
100 1 _aTorres Alzate, Hernàn
_932581
245 1 0 _aAspectos Municipales
260 _aColombia :
_bBiblioteca Juridica Dike
300 _a777p.
505 _aNaturaleza del cargo, Elecciòn popular del alcalde, Inscripcion , eleccion , periodo, posesion, Actos del alcalde, Retiro y suspension del alcalde, El alcalde y lo electoral
650 1 4 _aADMINISTRACION MUNICIPAL - COLOMBIA - LEGISLACION
_932582
650 1 4 _aALCALDES
_95993
650 1 4 _aDERECHO MUNICIPAL - COLOMBIA
_932583
942 _2ddc
_cBK
999 _c31094
_d31094